| 000 | 00678nam a2200241 a 4500 | ||
|---|---|---|---|
| 008 | |||
| 020 | _a0582003474 (pbk.) | ||
| 049 | _aMAIN | ||
| 090 |
_aHG3877 _bLES |
||
| 100 | 1 | _aLeslie, James. | |
| 245 | 1 | 0 |
_aInternational finance and developing countries / _cJames Leslie. |
| 260 |
_aLondon : _bLongman, _c1987. |
||
| 300 |
_a192 p. ; _c22 cm. |
||
| 440 | 0 | _aYork business handbooks. | |
| 500 | _aIncludes index. | ||
| 504 | _aBibliography: p. 182. | ||
| 650 | 0 | _aInternational finance. | |
| 907 |
_a.b10074454 _b23-02-09 _c17-04-03 |
||
| 003 | |||
| 005 | 20230123133709.0 | ||
| 040 | _cNUST | ||
| 942 |
_cBOOKS _kHG3877 _mLES |
||
| 999 |
_c153069 _d153069 |
||